Princíp nezávislého vzťahu ako jeden zo spôsobov zabránenia zneužitiu práva v daňovej oblasti

Skutočnosť, že téma medzinárodného zdaňovania je dnes v odbornej verejnosti jednou z najdiskutovanejších, nemožno poprieť. Na odborných fórach Európskej únie a Organizácie pre hospodársku spoluprácu a rozvoj je vyvíjaná obrovská aktivita v oblasti priamych daní, ktorých účelom je chrániť daňové príj...

Ausführliche Beschreibung

Gespeichert in:
Bibliographische Detailangaben
1. Verfasser: Rakovský, Peter
Format: Buchkapitel
Sprache:Slowakisch
Schlagworte:
Tags: Tag hinzufügen
Keine Tags, Fügen Sie das erste Tag hinzu!

MARC

LEADER 00000naa a2200000 4500
001 0256130
005 20190619111725.9
041 0 |a slo 
044 |a SK 
245 1 0 |a Princíp nezávislého vzťahu ako jeden zo spôsobov zabránenia zneužitiu práva v daňovej oblasti  |c Peter Rakovský 
520 |a Skutočnosť, že téma medzinárodného zdaňovania je dnes v odbornej verejnosti jednou z najdiskutovanejších, nemožno poprieť. Na odborných fórach Európskej únie a Organizácie pre hospodársku spoluprácu a rozvoj je vyvíjaná obrovská aktivita v oblasti priamych daní, ktorých účelom je chrániť daňové príjmy štátov a zamedziť presuny ziskov do krajín s nižším daňovým zaťažením. Jednou z týchto oblastí je aj transferové oceňovanie ako imanentná súčasť už nie len medzinárodného práva, ktoré je postavené na princípe nezávislého vzťahu. 
610 2 0 |a oceňovanie transferové 
610 2 0 |a dane priame 
610 2 0 |a právo medzinárodné 
610 2 0 |a zaťaženie daňové 
610 2 0 |a zdanenie dvojité 
610 2 0 |a zdaňovanie medzinárodné 
100 1 |a Rakovský, Peter